header

Synchronization and arbitration in digital systems (Record no. 151706)

MARC details
000 -LEADER
fixed length control field 01262nam a2200313 a 4500
082 04 - DEWEY DECIMAL CLASSIFICATION NUMBER
Classification number 621.3815
100 1# - MAIN ENTRY--AUTHOR NAME
Personal name Kinniment, D. J.
245 10 - TITLE STATEMENT
Title Synchronization and arbitration in digital systems
260 ## - PUBLICATION, DISTRIBUTION, ETC. (IMPRINT)
Place of publication Hoboken, NJ :
Name of publisher J. Wiley & Sons,
Year of publication 2007.
300 ## - PHYSICAL DESCRIPTION
Number of Pages xvi, 263 p. :
Other physical details ill.
650 #0 - SUBJECT ADDED ENTRY--TOPICAL TERM
Topical Term Timing circuits
Topical Term Digital integrated circuits
Topical Term Synchronization.
856 40 - ELECTRONIC LOCATION AND ACCESS
Uniform Resource Identifier http://site.ebrary.com/lib/rucke/Doc?id=10232603

No items available.

© 2026 Rongo University
Contact us: librarian | system librarian | Rongo university